| 000 | 00608nam a2200205 u 4500 | ||
|---|---|---|---|
| 005 | 20240912063844.0 | ||
| 008 | 121120s2004 r 000 0 eng d | ||
| 020 | _a9505814356 | ||
| 035 | _aUPN01000188731 | ||
| 049 | _aI | ||
| 050 | 4 |
_aPZ76.3 _bW6.6 |
|
| 100 | 1 |
_aWolf, Ema, _d1948- _930471 |
|
| 245 | 1 | 0 |
_aPelos y pulgas / _cEma Wolf ; il. Gustavo Roldán |
| 260 |
_aBuenos Aires : _bColihue, _c2004. |
||
| 300 |
_a[16] p. : _bil. col. |
||
| 440 | 0 | _aCuentos del pajarito remendado | |
| 650 | 0 |
_aAnimales _vCuentos y leyendas _9234 |
|
| 650 | 4 |
_aCuentos infantiles argentinos _97466 |
|
| 905 | _aInfantil | ||
| 999 |
_c160834 _d160834 |
||